V záujme európskej bezpečnosti Stretnutie predstaviteľov verejnosti ZSSR a NSR

Bibliographic Details
Format: Article
Language:Slovak
Subjects:

MARC

LEADER 00000nab a2200000 a 4500
001 vtls000195592
003 SK-MaSNL
005 20260302205046.0
008 150501c1984 xo 0 slo
015 |a SNBRB19rr/mm-uuuuu 
035 |a CL0205705 
040 |a SNKBUCL  |b slo  |c SNKBUCL  |e AACR2 
041 0 |a slo 
044 |a xo  |c SK 
080 |a 327(100-11)(47:430.1)  |2 1981 
080 |a 327(100-19)(430.1)  |2 1981 
245 0 0 |a V záujme európskej bezpečnosti  |b Stretnutie predstaviteľov verejnosti ZSSR a NSR 
650 0 7 |a Spolková republika Nemecko  |2 snkbucl  |9 514854 
651 7 |a Sovietsky zväz  |2 snkbucl  |9 22126 
655 7 |a články z novín a časopisov  |2 snkbucl  |9 267496 
773 0 |t Pravda  |g Roč. 65, č. 227 (25. 9. 1984), s. 7 
850 |a Slovenská národná knižnica v Martine  |a MTA001 
852 |a SNK  |b KIS3GCP 
958 |a RK 
958 |a DE 
992 |a RBX 
999 |c 1476166  |d 1478096